|
|
|
|
| LEADER |
00960cam a2200277 a 4500 |
| 001 |
c000381114 |
| 003 |
CARM |
| 005 |
20110816085827.0 |
| 008 |
110816s1960 nyu 000 0 eng d |
| 010 |
|
|
|a 60013640
|
| 019 |
1 |
|
|a 4177237
|5 LACONCORD2021
|
| 035 |
|
|
|a (OCoLC)1555767
|5 LACONCORD2021
|
| 040 |
|
|
|a NUN
|b eng
|c NUN
|d NU
|
| 050 |
0 |
0 |
|a Q175
|b .S565
|
| 082 |
0 |
4 |
|a 501
|
| 100 |
1 |
|
|a Simons, J. H.
|q (Joseph H.),
|d 1897-
|
| 245 |
1 |
2 |
|a A structure of science /
|c Joseph H. Simons.
|
| 260 |
|
|
|a N.Y. :
|b Philosophical Library,
|c c1960.
|
| 300 |
|
|
|a 269 p. ;
|c 23 cm.
|
| 650 |
|
0 |
|a Science
|x Methodology.
|
| 650 |
|
0 |
|a Science
|x Philosophy.
|
| 852 |
8 |
|
|b CARM
|p 0576158
|f BK
|
| 852 |
8 |
|
|b SCAN
|h A3:AI13B0
|i B11854
|p 0576158
|f BK
|
| 999 |
f |
f |
|i cf6de767-e571-584c-8f81-3a04fd0170d5
|s 8e31d9bb-f88c-599d-883c-a5c0cb9b2eb9
|
| 952 |
f |
f |
|p Can circulate
|a CAVAL
|b CAVAL
|c CAVAL
|d CARM 1 Store
|i book
|m 0576158
|
| 952 |
f |
f |
|a CAVAL
|b CAVAL
|c CAVAL
|d Unmapped Location
|e B11854
|f A3:AI13B0
|h Other scheme
|